000 00805nam a22002655i 4500
001 10716
003 ES-MaACL
005 20240510063015.0
007 t|
008 950711s1994 sp ||||0| spa j
020 _a8486351596
040 _aM-BN
_bspa
_cM-BN
080 _a860-14"19"
100 1 _aFernández Coca, Luis.
_949584
245 1 0 _aCirce versus Tánatos /
_cLuis Fernández Coca ; prólogo de Enrique Badosa.
250 _a1ª ed.
260 _aHumanes, Madrid :
_bJuan Pastor,
_c1994.
300 _a92 p. ;
_c20 cm.
490 1 _aDevenir. Serie Poesía ;
_v79
700 0 _aBadosa, Enrique,
_d1927-2021
_924566
830 0 0 _aDevenir.
_pSerie Poesía ;
_v79
_9236243
852 _aES-MaACL
_jP-1931 Nº 79
_bR.123800
_911009
942 _2udc
999 _c10716
_d10716